00659nam a22002177a 450000500170000001000130001702000100003003500130004003700160005304000120006908200180008124501270009926000700022627000300029630000200032650000210034665000200036765000160038770000200040370000180042320170124110008.0 aB-017743 c00.00 aB-017743 bCen Lib/Ret aDPLbEN a363.1784bTOX aToxicology and environmental health :cedited by S. B. Vohora [and] V. P. Agarwwal bproccedings of a national symposium / aNew DelhibDepartment of medical elementary and toxicology c1999 bNew DelhiaJamia Hamdard  a391p.c23cm(Hb) a Includes index  aHealth science  aToxicology  aVohora, S. B.  aAgrwal, V. P.